Anthropology / (Record no. 16242)

MARC details
000 -LEADER
fixed length control field 00765nam a22002537a 4500
005 - DATE AND TIME OF LATEST TRANSACTION
control field 20201128020920.0
008 - FIXED-LENGTH DATA ELEMENTS--GENERAL INFORMATION
fixed length control field 111121s2011 nju||||| |||| 001 0 eng d
020 ## - INTERNATIONAL STANDARD BOOK NUMBER
International Standard Book Number 0205716180
020 ## - INTERNATIONAL STANDARD BOOK NUMBER
International Standard Book Number 9780205716180
082 ## - DEWEY DECIMAL CLASSIFICATION NUMBER
Edition number 22
Classification number 306
Item number EMB
100 ## - MAIN ENTRY--PERSONAL NAME
9 (RLIN) 27829
Personal name Ember, Carol R
245 ## - TITLE STATEMENT
Title Anthropology /
Statement of responsibility, etc Carol R. Ember, Melvin Ember, Peter N. Peregrine
250 ## - EDITION STATEMENT
Edition statement 13 th ed.
260 ## - PUBLICATION, DISTRIBUTION, ETC. (IMPRINT)
Place of publication, distribution, etc New Jersey :
Name of publisher, distributor, etc Prentice-Hall,
Date of publication, distribution, etc 2011.
300 ## - PHYSICAL DESCRIPTION
Extent xvii, 606 p. :
Other physical details ill. (some col.) ;
Dimensions 29 cm.
500 ## - GENERAL NOTE
General note Includes index.
504 ## - BIBLIOGRAPHY, ETC. NOTE
Bibliography, etc Bibliography: p. 545--590.
650 ## - SUBJECT ADDED ENTRY--TOPICAL TERM
9 (RLIN) 767
Topical term or geographic name as entry element Anthropology
653 ## - INDEX TERM--UNCONTROLLED
Resource For college
Arrived date list November2011
700 ## - ADDED ENTRY--PERSONAL NAME
9 (RLIN) 27829
Personal name Ember, Carol R
700 ## - ADDED ENTRY--PERSONAL NAME
9 (RLIN) 27830
Personal name Ember, Melvin
700 ## - ADDED ENTRY--PERSONAL NAME
9 (RLIN) 27831
Personal name Peregrine, Peter N.
942 ## - ADDED ENTRY ELEMENTS (KOHA)
Source of classification or shelving scheme Dewey Decimal Classification
Item type
Holdings
Withdrawn status Item status Source of classification or shelving scheme Damaged status Not for loan Vendor Home library Current library Shelving location Date acquired Source of acquisition Cost, normal purchase price Serial Enumeration / chronology Total Checkouts Total Renewals Full call number Barcode Date last seen Date last borrowed Koha item type
    Dewey Decimal Classification     Baccah Central Library Central Library First floor 21/11/2011   180.00 13556 17 1 306 EMB 000025688 15/07/2025 21/10/2013 NB - Book (Non borrowing)
    Dewey Decimal Classification     Baccah Central Library Central Library First floor 21/11/2011   180.00 13556 19 70 306 EMB 000025689 15/07/2025 21/03/2019 Book - Borrowing
    Dewey Decimal Classification     Baccah Central Library Central Library First floor 21/11/2011   180.00 13556 16 128 306 EMB 000025690 15/07/2025 27/04/2017 Book - Borrowing